| 000 | 00659nam a2200217 a 4500 | ||
|---|---|---|---|
| 001 | 10997 | ||
| 003 | CO-ViMGA | ||
| 008 | 141112s2004 ck r 000 u spa d | ||
| 020 | _a8474324076 | ||
| 040 |
_aCO-ViMGA _bspa _cCO-ViMGA |
||
| 082 | 0 | 4 | _a320.943 G11c |
| 100 | 1 |
_aGabriel Oscar W., _915135 |
|
| 245 | 1 | 0 | _aCambio Social y Cultura Política, el caso de la República Federal de Alemania |
| 250 | _a1 | ||
| 260 |
_aBarcelona, _cEditorial Gedisa, _c1990 |
||
| 300 | _a199 p. | ||
| 650 | 1 | 4 |
_aALEMANIA - Política Y GOBIERNO _915136 |
| 650 | 1 | 4 |
_aCAMBIO SOCIAL - ALEMANIA _915137 |
| 650 | 1 | 4 |
_aDEMOCRACIA - HISTORIA ALEMANIA _915138 |
| 942 |
_2ddc _cBK |
||
| 999 |
_c22215 _d22215 |
||